| 000 | 00512nam a2200181Ia 4500 | ||
|---|---|---|---|
| 001 | 56051 | ||
| 008 | 130108n2005 ii |||gr||||Z||||||465 | ||
| 020 | _a8130700611 | ||
| 082 | _a491.25 | ||
| 245 | 0 |
_aAn Elementary Grammar of the Sanscrit Language _cMonier Williams _hTextual Documents |
|
| 250 | _aIst ed. | ||
| 260 |
_aNew Delhi _bCosmo Publications _c2005 |
||
| 300 |
_a48pg: _c23cm. |
||
| 653 | _aSanskrit language | ||
| 653 | _aDeptt- Sanskrit | ||
| 700 |
_aWilliams , Monier, _eAuthor. |
||
| 942 |
_2ddc _cBK |
||
| 999 |
_c55975 _d55975 |
||